[Event "Pan American-ch U12 Girls"]
[Site "Santiago de Chile"]
[Date "2018.07.22"]
[Round "1"]
[White "Mancco Arteaga, Yassuri Elizabeth"]
[Black "Francisco Guecamburu, Candela Be"]
[Result "0-1"]
[WhiteElo "1172"]
[BlackElo "1630"]
[PlyCount "66"]
[EventDate "2018.07.22"]
[EventType "swiss"]
[EventRounds "9"]
[EventCountry "CHI"]
[SourceTitle "EXT 2022"]
[Source "ChessBase"]
[SourceDate "2021.10.06"]
[SourceVersion "1"]
[SourceVersionDate "2021.10.06"]
[SourceQuality "1"]

1. e4 c5 2. Nc3 Nc6 3. Nf3 g6 4. d3 Bg7 5. Bd2 e6 6. Be2 Nge7 7. Qc1 d5 8. 0-0 0-0 9. Bh6 b6 10. Bxg7 Kxg7 11. Nd1 d4 12. c3 Bb7 13. Ne1 Rc8 14. f4 Qd7 15. Nf2 Qc7 16. Nf3 h6 17. h4 Rcd8 18. g3 f5 19. Kg2 fxe4 20. dxe4 e5 21. Nd3 c4 22. Nf2 d3 23. Bd1 exf4 24. gxf4 Qxf4 25. Qxf4 Rxf4 26. Kg3 Rff8 27. Ng4 Ng8 28. Ne3 b5 29. b3 Nf6 30. e5 Ne4+ 31. Kg2 Nxc3 32. bxc4 Nxd1 33. Raxd1 Nxe5 0-1